000 01794nam a2200229Ia 4500
008 260220t1995||||xx |||||||||||||| ||spa||
040 _aPY-SlUNAC
_bspa
_erda
041 _aspa
082 _a591
_bC765c
245 0 _aLa conservación y el manejo de caimanes y cocodrilos de América Latina
264 _aSanto Tomé :
_bFundación Banco Bica,
_c℗1995.
300 _a1 volumen
520 _aEl libro "La conservación y el manejo de caimanes y cocodrilos de América Latina", publicado por la Fundación Banco Bica en 1995, aborda de manera integral la situación de estos reptiles en la región, destacando su importancia ecológica y cultural. A través de un análisis detallado, se examinan las amenazas que enfrentan, como la pérdida de hábitat, la caza indiscriminada y el comercio ilegal. Además, se presentan estrategias de conservación basadas en la investigación científica y la participación comunitaria, enfatizando la necesidad de fomentar la educación ambiental para sensibilizar a la población sobre la importancia de estos reptiles en los ecosistemas. El texto también incluye estudios de caso que ilustran experiencias exitosas en el manejo sostenible de caimanes y cocodrilos, promoviendo la coexistencia entre la biodiversidad y las actividades humanas. En conjunto, la obra es un recurso valioso para investigadores, conservacionistas y responsables de políticas ambientales en la búsqueda de prácticas efectivas para la preservación de estos emblemáticos reptiles.
653 _aCocodrilos
653 _aConservación de la naturaleza
653 _aManejo de recursos naturales
942 _b2026/02/17
_cBK
999 _c8326
_d8326